| 000 | 00660nam a2200229 a 4500 | ||
|---|---|---|---|
| 999 |
_c1040 _d1040 |
||
| 001 | 1040 | ||
| 003 | BD-JhCC | ||
| 005 | 20171107094513.0 | ||
| 008 | 171014s2006 bg a|||| ||a| 000 0 ben d | ||
| 020 | _a9847600872 | ||
| 035 | _a(BD-JhCC) 1040 | ||
| 040 |
_aBD-JhCC _dBD-JhCC |
||
| 041 | _aben | ||
| 082 |
_a891.4435 _bKHA 2006 |
||
| 100 | _aখানম, জিকরুর রেজা | ||
| 245 |
_aমিশকা পুষির ঝুলি / _cজিকরুর রেজা খানম |
||
| 260 | _aঢাকা | ||
| 300 |
_a80 p.: _c22 cm. |
||
| 650 |
_aBengali short stories _xJuvinile |
||
| 942 |
_2ddc _cBK |
||